00654nmm a2200193Ia 4500008004100000020001800041041000800059100003000067245007700097264008400174300001800258490003600276650002200312700003000334700002100364856005100385942000700436999001700443251105s9999||||xx |||||||||||||||||und|| a9788437090726 aspa aGarcía-Arenal, Mercedes 0aLos moriscos: expulsión y diáspora :b Una perspectiva internacional a[Madrid, España] :bPublicaciones de la Universidad de Valencia (PUV), c2013 a484 páginas aBiblioteca de estudios moriscos aHistory (General) aGarcía-Arenal, Mercedes1 a Wiegers, Gerard uhttps://public.digitaliapublishing.com/a/34631 cCF c65958d65958